000 00686nam a2200217Ia 4500
008 131103s9999 xx 000 0 und d
040 _aLoreto College
041 _aEnglish
082 _a301.431/MEH;371.4/MEH
_bLCLIB/26053
100 _aMehta,Perin H.
245 _aHandbook for counsellors
_cPerin H. Mehta,Khorshed A.Wadia and John G. Odgers
260 _aDelhi
_bNational Council of Educational Research and Training
_c1964
300 _a84 p.
_c 11 cm.
504 _aReprinted 1972
630 _aStudent Guidance and Counselling
650 _aCounselling
651 _aSchools and their activities
700 _aWadia,Khorshed A.,auth.
850 _aLCLIB
942 _cBK
999 _c3141
_d53620